Finančný slovník

Uložené v:
Podrobná bibliografia
Ďalší autori: Pancák, Michal
Médium: Kniha
Jazyk:Slovak
Vydavateľské údaje: Bratislava Vydavateľstvo politickej literatúry 1967
Tagy: Pridať tag
Žiadne tagy, Buďte prvý, kto otaguje tento záznam!

MARC

LEADER 00000nam$a2200000$$$4500
001 0057714
005 20240109104430.5
041 0 |a slo 
044 |a SK 
245 1 0 |a Finančný slovník  |c vedecký redaktor Michal Pancák 
264 1 |a Bratislava  |b Vydavateľstvo politickej literatúry  |c 1967 
300 |a 429 s. 
700 1 |a Pancák, Michal